[Event "Prva liga Centralne Srbije 2010"]
[Site "Valjevo"]
[Date "2010.09.18"]
[Round "1.1"]
[White "Djukic, Zeljko"]
[Black "Szabo, Gergely-Andras-Gyula"]
[Result "0-1"]
[WhiteElo "2382"]
[BlackElo "2552"]
[PlyCount "70"]
[EventDate "2010.09.18"]

1. d4 g6 2. Nf3 Bg7 3. c3 d6 4. Bf4 Nd7 5. h3 b6 6. e3 Bb7 7. Bc4 Ngf6 8. O-O
O-O 9. Nbd2 Qe8 10. Bh2 e5 11. a4 a6 12. b4 Qe7 13. Qb3 h6 14. Rfc1 Kh7 15. a5
b5 16. Bf1 e4 17. Ne1 d5 18. Bxc7 Ne8 19. Bh2 f5 20. Qd1 h5 21. Nb3 Bh6 22. Nc5
Bc6 23. Nc2 h4 24. f3 Nd6 25. fxe4 fxe4 26. Bxd6 Qxd6 27. Qg4 Nxc5 28. bxc5 Qe7
29. Qe2 Bd7 30. Nb4 Qg5 31. Kh1 Rf7 32. c6 Be6 33. Re1 Qg3 34. Ra2 Raf8 35.
Nxa6 Bxe3 0-1

[Event "Prva liga Centralne Srbije 2010"]
[Site "Valjevo"]
[Date "2010.09.18"]
[Round "1.1"]
[White "Boskovic, Drasko"]
[Black "Andonov, Bogomil"]
[Result "1-0"]
[WhiteElo "2417"]
[BlackElo "2304"]
[PlyCount "65"]
[EventDate "2010.09.18"]

1. d4 d5 2. Bf4 Nf6 3. e3 c5 4. c3 Nc6 5. Nd2 cxd4 6. exd4 a6 7. Ngf3 Bg4 8.
Bd3 e6 9. Qb3 Bxf3 10. Nxf3 b5 11. Ne5 Nxe5 12. Bxe5 Nd7 13. a4 Nxe5 14. dxe5
b4 15. O-O bxc3 16. Bxa6 Bc5 17. Bb7 Ra5 18. Bc6+ Ke7 19. Qxc3 Qb6 20. Bb5 Rc8
21. Kh1 Raa8 22. Rac1 Kf8 23. b4 Be7 24. Qxc8+ Rxc8 25. Rxc8+ Bd8 26. Rfc1 Ke7
27. R1c6 Qb7 28. Rxd8 Kxd8 29. Rd6+ Ke7 30. Rd7+ Qxd7 31. Bxd7 Kxd7 32. Kg1 Kc6
33. Kf1 1-0

[Event "Prva liga Centralne Srbije 2010"]
[Site "Valjevo"]
[Date "2010.09.18"]
[Round "1.1"]
[White "Mitrovic, Darko R"]
[Black "Stankovic, Milos"]
[Result "1/2-1/2"]
[WhiteElo "2342"]
[BlackElo "2315"]
[PlyCount "120"]
[EventDate "2010.09.18"]

1. e4 c5 2. Nf3 d6 3. d4 cxd4 4. Nxd4 Nf6 5. Nc3 g6 6. Be3 Bg7 7. f3 O-O 8. Qd2
Nc6 9. O-O-O d5 10. Kb1 Nxd4 11. e5 Nf5 12. exf6 exf6 13. Nxd5 Nxe3 14. Qxe3
Be6 15. Bc4 f5 16. c3 Bxd5 17. Rxd5 Qc7 18. Bb3 Rfe8 19. Qd3 Rad8 20. Rd1 Bf6
21. g3 Rxd5 22. Bxd5 Re7 23. f4 Qb6 24. a3 Re3 25. Qc4 Rxc3 26. Bxf7+ Kg7 27.
Qb4 Qxb4 28. axb4 Rc7 29. Bd5 b6 30. Be6 Re7 31. Rd6 Rc7 32. b5 Be7 33. Rd3 Kf6
34. Bg8 Bc5 35. Ka2 Re7 36. Kb3 Re3 37. Rxe3 Bxe3 38. Kc4 h5 39. Kd3 Bg1 40.
Ke2 Bxh2 41. Kf3 Bg1 42. b3 Ke7 43. Bc4 Bd4 44. Bd5 Bf6 45. Bc4 h4 46. gxh4
Bxh4 47. Bd5 Be1 48. Bc4 Bb4 49. Kg3 Kf6 50. Kf3 Bd6 51. Bd5 Bc7 52. Bc4 g5 53.
fxg5+ Kxg5 54. Bd5 Kf6 55. Bc4 Ke5 56. Kg3 f4+ 57. Kf3 Kd4 58. Bg8 Kc5 59. Bc4
Kb4 60. Ke4 Bd6 1/2-1/2

[Event "Prva liga Centralne Srbije 2010"]
[Site "Valjevo"]
[Date "2010.09.18"]
[Round "1.1"]
[White "Krstic, Petar"]
[Black "Djokic, Vladan"]
[Result "1/2-1/2"]
[WhiteElo "2347"]
[BlackElo "2279"]
[PlyCount "109"]
[EventDate "2010.09.18"]

1. e4 c5 2. Nf3 e6 3. d4 cxd4 4. Nxd4 a6 5. Nc3 Qc7 6. Be3 Nf6 7. Bd3 Nc6 8.
O-O b5 9. Kh1 Bb7 10. a3 h5 11. f4 Ng4 12. Bg1 g5 13. Nxc6 dxc6 14. e5 gxf4 15.
Rxf4 Nxe5 16. Be4 Ng4 17. Qf3 Ne5 18. Qe2 Bd6 19. Rd1 O-O-O 20. Rh4 f5 21. Bf3
Qe7 22. Rxd6 Qxd6 23. Bxh5 Nc4 24. Na4 Qe5 25. Rxc4 Qxe2 26. Bxe2 bxc4 27. Nc5
e5 28. Bxc4 f4 29. Bd3 Rh6 30. b4 Rf8 31. Bf2 Rfh8 32. h3 Kc7 33. Be1 f3 34.
Bg3 Re8 35. gxf3 Rxh3+ 36. Kg2 Bc8 37. Nxa6+ Kd6 38. Nc5 Reh8 39. Kf2 R3h5 40.
Ne4+ Ke7 41. Ke3 Bf5 42. Bxe5 Bxe4 43. Kxe4 Ra8 44. Bb2 Kd6 45. f4 Rh1 46. f5
Rb1 47. Be5+ Kd7 48. f6 Rxa3 49. c3 Re1+ 50. Kf5 Rxe5+ 51. Kxe5 Rxc3 52. Bf5+
Ke8 53. Be6 Re3+ 54. Kd6 Re4 55. Ba2 1/2-1/2

[Event "Prva liga Centralne Srbije 2010"]
[Site "Valjevo"]
[Date "2010.09.18"]
[Round "1.1"]
[White "Kostic, Nebojsa"]
[Black "Misailovic, Nebojsa"]
[Result "1/2-1/2"]
[WhiteElo "2338"]
[BlackElo "2303"]
[PlyCount "95"]
[EventDate "2010.09.18"]

1. c4 Nf6 2. Nc3 d5 3. cxd5 Nxd5 4. g3 Nb6 5. Bg2 g6 6. d3 Bg7 7. Be3 O-O 8.
Qd2 Nc6 9. Bxc6 bxc6 10. Bh6 c5 11. Bxg7 Kxg7 12. b3 Bb7 13. f3 Qd4 14. Rc1 a5
15. Ne4 a4 16. Nxc5 axb3 17. Nxb3 Qe5 18. Kf2 Ra3 19. f4 Qd6 20. Nf3 Bxf3 21.
Kxf3 Nd5 22. Qb2+ f6 23. Nd4 Ra6 24. Nb5 Qd7 25. Qd4 c6 26. Nc3 e5 27. Qc4 Nc7
28. Rb1 exf4 29. Rb7 Ra5 30. g4 Rf7 31. h4 Qe7 32. Qxf4 g5 33. Qb4 Qe5 34. Kg2
Rxa2 35. Nxa2 Qxe2+ 36. Kg3 Re7 37. Rxc7 Qxd3+ 38. Kg2 Qe2+ 39. Kg3 Qd3+ 40.
Kg2 Qd5+ 41. Kh2 Qxa2+ 42. Kg3 Rxc7 43. hxg5 Rf7 44. gxf6+ Rxf6 45. Qe7+ Qf7
46. Qe5 Qb3+ 47. Kh4 Qe6 48. Re1 1/2-1/2

[Event "Prva liga Centralne Srbije 2010"]
[Site "Valjevo"]
[Date "2010.09.18"]
[Round "1.1"]
[White "Civric, Zdravko"]
[Black "Stankovic, Dejan"]
[Result "0-1"]
[WhiteElo "2204"]
[BlackElo "2240"]
[PlyCount "76"]
[EventDate "2010.09.18"]

1. e4 e5 2. Nf3 Nf6 3. Nxe5 d6 4. Nf3 Nxe4 5. Nc3 Nf6 6. d4 Be7 7. Bd3 O-O 8.
h3 Nc6 9. a3 d5 10. O-O h6 11. Re1 a6 12. Bf4 Bd6 13. Qd2 Bxf4 14. Qxf4 Nh5 15.
Qd2 Qd6 16. Ne2 f5 17. Ne5 Nxe5 18. dxe5 Qxe5 19. Rad1 Qxb2 20. Nf4 Nxf4 21.
Qxf4 c5 22. Qd6 Qf6 23. Qxd5+ Kh8 24. Bc4 f4 25. Qxc5 Bf5 26. Bb3 Rac8 27. Qe7
Bxc2 28. Qxf6 Rxf6 29. Bxc2 Rxc2 30. Re8+ Kh7 31. Re7 b5 32. Rdd7 Rg6 33. Rf7
Rc3 34. a4 f3 35. g3 bxa4 36. Rf4 a3 37. Rd2 Rb6 38. Ra4 Rb2 0-1

[Event "Prva liga Centralne Srbije 2010"]
[Site "Valjevo"]
[Date "2010.09.18"]
[Round "1.2"]
[White "Markovic, Zoran S"]
[Black "Iotov, Valentin"]
[Result "1/2-1/2"]
[WhiteElo "2343"]
[BlackElo "2588"]
[PlyCount "80"]
[EventDate "2010.09.18"]

1. e4 c5 2. Nf3 e6 3. d4 cxd4 4. Nxd4 Nc6 5. Nc3 Qc7 6. Be2 a6 7. O-O Nf6 8.
Kh1 Be7 9. f4 d6 10. Be3 O-O 11. Qe1 Nxd4 12. Bxd4 b5 13. a3 Bb7 14. Qg3 Rad8
15. Rae1 Rd7 16. Bd3 Re8 17. e5 dxe5 18. Bxe5 Qd8 19. Ne4 Nh5 20. Qe3 Qc8 21.
b4 f5 22. Nc5 Bxc5 23. bxc5 Bd5 24. Bd4 Qc6 25. Re2 Red8 26. c3 Nf6 27. h3 Be4
28. Bxe4 Nxe4 29. Kh2 Rd5 30. Rc1 Kf7 31. Rce1 g6 32. Qf3 a5 33. Rxe4 fxe4 34.
Qxe4 Rc8 35. Qe3 Qd7 36. Qf2 Kg8 37. Rb1 Rf8 38. Qe3 Qc6 39. Re1 Re8 40. Rb1
Qd7 1/2-1/2

[Event "Prva liga Centralne Srbije 2010"]
[Site "Valjevo"]
[Date "2010.09.18"]
[Round "1.2"]
[White "Lapcevic, Milos"]
[Black "Todorovic, Jovan"]
[Result "1/2-1/2"]
[WhiteElo "2421"]
[BlackElo "2417"]
[PlyCount "77"]
[EventDate "2010.09.18"]

1. d4 d6 2. c4 e5 3. Nf3 Nd7 4. Nc3 g6 5. e4 Bg7 6. Be2 Ngf6 7. O-O O-O 8. Qc2
Nh5 9. Rd1 Nf4 10. Bf1 c5 11. Nb5 cxd4 12. Bxf4 exf4 13. Nfxd4 Ne5 14. c5 dxc5
15. Ne6 Bxe6 16. Rxd8 Rfxd8 17. Nc7 Rac8 18. Nxe6 fxe6 19. Rd1 b6 20. Ba6 Rb8
21. Bb5 Kf7 22. Qc1 g5 23. h4 h6 24. Kf1 Ke7 25. a3 Rxd1+ 26. Qxd1 Rd8 27. Qa4
a5 28. Be2 g4 29. f3 g3 30. Qb5 Rd6 31. Qa6 Nd7 32. b3 Rd2 33. Qb7 Bc3 34. Bb5
Rf2+ 35. Kg1 Rd2 36. Kf1 Rf2+ 37. Kg1 Rd2 38. Kf1 Rf2+ 39. Kg1 1/2-1/2

[Event "Prva liga Centralne Srbije 2010"]
[Site "Valjevo"]
[Date "2010.09.18"]
[Round "1.2"]
[White "Stamenkovic, Dragan"]
[Black "Prelevic, Dusko"]
[Result "1/2-1/2"]
[WhiteElo "2370"]
[BlackElo "2342"]
[PlyCount "20"]
[EventDate "2010.09.18"]

1. d4 Nf6 2. Bg5 Ne4 3. Bf4 d5 4. e3 c6 5. Bd3 Qb6 6. Qc1 Bf5 7. f3 Qa5+ 8. Nd2
Nxd2 9. Qxd2 Qxd2+ 10. Kxd2 Bxd3 1/2-1/2

[Event "Prva liga Centralne Srbije 2010"]
[Site "Valjevo"]
[Date "2010.09.18"]
[Round "1.2"]
[White "Organdziev, Oliver"]
[Black "Mihic, Bojan"]
[Result "1/2-1/2"]
[WhiteElo "2321"]
[BlackElo "2413"]
[PlyCount "132"]
[EventDate "2010.09.18"]

1. c4 e6 2. d4 d5 3. Nc3 Be7 4. Nf3 Nf6 5. Bg5 O-O 6. e3 b6 7. Ne5 Bb7 8. cxd5
Nxd5 9. Bxe7 Qxe7 10. Qd2 Nd7 11. Nxd7 Qxd7 12. f3 Rfd8 13. e4 Nxc3 14. bxc3 c5
15. Rd1 cxd4 16. cxd4 Qa4 17. Qb2 Rac8 18. Rd2 Qc6 19. Kf2 e5 20. Bb5 Qd6 21.
Rhd1 exd4 22. Qxd4 Qxd4+ 23. Rxd4 Rxd4 24. Rxd4 a6 25. Rd7 axb5 26. Rxb7 g6 27.
Rxb6 Rc2+ 28. Kg3 Rxa2 29. Rxb5 h5 30. h4 Re2 31. Rb1 Kg7 32. Rf1 Kf6 33. Rf2
Re1 34. Kf4 Kg7 35. Ra2 Rh1 36. g3 Re1 37. Ra3 Rg1 38. Ra7 Rg2 39. Ra1 Kf8 40.
e5 Kg7 41. Ra5 Rg1 42. Ra8 Rg2 43. Re8 Re2 44. Re7 Kf8 45. Ra7 Re1 46. g4 hxg4
47. fxg4 Kg7 48. Ra6 Rf1+ 49. Kg5 Rf2 50. h5 gxh5 51. Kxh5 Rh2+ 52. Kg5 Re2 53.
Kf5 Re1 54. Ra4 Rf1+ 55. Rf4 Re1 56. Rf2 Rg1 57. Re2 Rf1+ 58. Kg5 Rf3 59. Ra2
Rf1 60. e6 fxe6 61. Ra7+ Rf7 62. Rxf7+ Kxf7 63. Kh6 Kg8 64. Kg6 e5 65. Kf5 Kg7
66. Kxe5 Kg6 1/2-1/2

[Event "Prva liga Centralne Srbije 2010"]
[Site "Valjevo"]
[Date "2010.09.18"]
[Round "1.2"]
[White "Nestorovic, Lazar"]
[Black "Andrejic, Vladica"]
[Result "1/2-1/2"]
[WhiteElo "2335"]
[BlackElo "2163"]
[PlyCount "139"]
[EventDate "2010.09.18"]

1. e4 c5 2. Nf3 e6 3. d4 cxd4 4. Nxd4 Nc6 5. Nc3 Qc7 6. Be2 a6 7. Be3 Nf6 8.
O-O Bb4 9. Na4 Be7 10. Nxc6 bxc6 11. Bb6 Qf4 12. Bd3 O-O 13. Re1 c5 14. Qe2 d6
15. c4 Bd7 16. Nc3 Rab8 17. Ba5 Bd8 18. Bxd8 Rfxd8 19. Rad1 Bc6 20. f3 Nd7 21.
Qd2 Qxd2 22. Rxd2 Ne5 23. Be2 f6 24. Red1 Nf7 25. f4 Kf8 26. Bh5 g6 27. Be2 Ke7
28. Kf2 Rd7 29. h4 Ba8 30. g4 Bc6 31. Ke3 Rdb7 32. b3 Rd7 33. Rh1 Rbd8 34. Rdd1
Rb8 35. Rdf1 Rg8 36. g5 f5 37. Bf3 fxe4 38. Nxe4 Bxe4 39. Bxe4 d5 40. cxd5 exd5
41. Bd3 Nd6 42. h5 Nf5+ 43. Bxf5 gxf5 44. Kd3 Kf7 45. Re1 c4+ 46. Kd4 cxb3 47.
axb3 Rb8 48. Ke5 d4 49. Kxf5 d3 50. g6+ Kg8 51. Kg5 d2 52. Rd1 Rxb3 53. f5 Rbd3
54. f6 Rf3 55. f7+ Kf8 56. Rdg1 Rd6 57. Kg4 Rff6 58. Rd1 Kg7 59. Rb1 Rd4+ 60.
Kg3 Rdf4 61. gxh7 Rf3+ 62. Kg4 Kxh7 63. h6 Rxf7 64. Rb2 Rd3 65. Rd1 Rfd7 66.
Rb6 R7d6 67. Rxd6 Rxd6 68. Kf3 Kxh6 69. Ke3 Kg5 70. Rxd2 1/2-1/2

[Event "Prva liga Centralne Srbije 2010"]
[Site "Valjevo"]
[Date "2010.09.18"]
[Round "1.3"]
[White "Pantelic, Sasa"]
[Black "Dancevski, Orce"]
[Result "1-0"]
[WhiteElo "2359"]
[BlackElo "2402"]
[PlyCount "83"]
[EventDate "2010.09.18"]

1. d4 Nf6 2. c4 g6 3. g3 Bg7 4. Bg2 d6 5. Nc3 Nbd7 6. Nf3 O-O 7. O-O e5 8. b3
Re8 9. dxe5 dxe5 10. Bb2 a5 11. Qc2 c6 12. Rad1 Qe7 13. Ng5 Nb6 14. Nge4 Bf5
15. Nxf6+ Bxf6 16. Ne4 Bxe4 17. Bxe4 a4 18. c5 axb3 19. axb3 Nd7 20. b4 Nf8 21.
e3 Ne6 22. h4 Nc7 23. Rd2 Red8 24. Rfd1 Kf8 25. h5 Ke8 26. hxg6 hxg6 27. Rd6
Kf8 28. Qd3 Ne6 29. Qc4 Nc7 30. Qd3 Ne6 31. Bf3 Ng5 32. Bg4 Rxd6 33. cxd6 Qd8
34. e4 Qb6 35. Qc4 Ra4 36. Bc3 Ra3 37. Rd3 Qa6 38. Qxa6 bxa6 39. f3 Bd8 40. Kf1
f5 41. exf5 e4 42. Bg7+ 1-0

[Event "Prva liga Centralne Srbije 2010"]
[Site "Valjevo"]
[Date "2010.09.18"]
[Round "1.3"]
[White "Dudukovic, Nikola"]
[Black "Misojcic, Miroslav"]
[Result "1/2-1/2"]
[WhiteElo "2237"]
[BlackElo "2248"]
[PlyCount "44"]
[EventDate "2010.09.18"]

1. e4 c5 2. Nc3 e6 3. d3 d5 4. g3 Nf6 5. Bg2 dxe4 6. Nxe4 Nxe4 7. Bxe4 Nd7 8.
Ne2 Nf6 9. Bg2 Qc7 10. O-O Bd7 11. Nc3 Bc6 12. Bf4 Bd6 13. Bxc6+ Qxc6 14. Bxd6
Qxd6 15. Qf3 Qd7 16. Ne4 Nxe4 17. dxe4 O-O 18. Rfd1 Qb5 19. Qb3 Qc6 20. Qd3 Qb6
21. Qb3 Qc6 22. Qd3 Qb6 1/2-1/2

[Event "Prva liga Centralne Srbije 2010"]
[Site "Valjevo"]
[Date "2010.09.18"]
[Round "1.3"]
[White "Misic, Dragan"]
[Black "Djokic, Nebojsa"]
[Result "1/2-1/2"]
[WhiteElo "2300"]
[BlackElo "2198"]
[PlyCount "134"]
[EventDate "2010.09.18"]

1. d4 Nf6 2. Nf3 g6 3. g3 Bg7 4. Bg2 O-O 5. O-O d6 6. c4 Nc6 7. Nc3 a6 8. b3
Rb8 9. Nd5 Nh5 10. Bb2 e6 11. Nf4 Nxf4 12. gxf4 b5 13. Rc1 b4 14. Qd2 Ne7 15.
e4 c6 16. Rfd1 d5 17. cxd5 cxd5 18. e5 Bd7 19. Rc5 Qb6 20. Rdc1 Rfc8 21. Bf1
Bf8 22. Rxc8 Rxc8 23. Rxc8 Nxc8 24. Qc2 Na7 25. Bc1 Nb5 26. Bxb5 Bxb5 27. Qc8
Qc6 28. Qxc6 Bxc6 29. Kf1 Bb5+ 30. Ke1 Bd3 31. Be3 Be7 32. Kd2 Bf5 33. Ne1 Kg7
34. Nf3 Be4 35. Ng5 Bb1 36. Kc1 Bf5 37. Nf3 Bg4 38. Ne1 Be2 39. Kd2 Bf1 40. Nd3
h6 41. Nc5 g5 42. fxg5 hxg5 43. f3 Kg6 44. Ke1 Bb5 45. Bd2 a5 46. Nb7 Bc6 47.
Nxa5 Ba8 48. h3 f6 49. exf6 Kxf6 50. Ke2 Kf7 51. Kd3 Ke8 52. Kc2 Kd7 53. a3
bxa3 54. b4 e5 55. Kb3 exd4 56. Kxa3 d3 57. f4 gxf4 58. Bxf4 d4 59. Nb3 Bg2 60.
Nc5+ Kc6 61. Nxd3 Bxh3 62. Kb3 Be6+ 63. Kb2 Kd5 64. Bd2 Bf5 65. Nc5 Kc4 66. Kc1
Bh4 67. Kb2 Bf2 1/2-1/2

[Event "Prva liga Centralne Srbije 2010"]
[Site "Valjevo"]
[Date "2010.09.18"]
[Round "1.3"]
[White "Zivanovic, Nenad"]
[Black "Urosevic, Zoran"]
[Result "0-1"]
[WhiteElo "2187"]
[BlackElo "2255"]
[PlyCount "78"]
[EventDate "2010.09.18"]

1. e4 c5 2. Nc3 d6 3. g3 Nc6 4. Bg2 g6 5. d3 Bg7 6. f4 e6 7. Nf3 Nge7 8. O-O
Nd4 9. Be3 O-O 10. Bf2 Nec6 11. e5 dxe5 12. Nxe5 Nxe5 13. fxe5 Bxe5 14. Ne4 Nc6
15. c3 Bd6 16. Nxc5 Qc7 17. Ne4 Be7 18. Be3 f5 19. Nf2 Bf6 20. d4 Ne7 21. Nh3
Nd5 22. Bh6 Re8 23. Qb3 Nb6 24. Rfe1 Bd7 25. a4 Qc4 26. Qxc4 Nxc4 27. b3 Na5
28. b4 Nc6 29. Red1 Rac8 30. Bf4 Nd8 31. Rd3 Rxc3 32. Ra3 Rxa3 33. Rxa3 Bxd4+
34. Kf1 e5 35. Bd2 Bc6 36. b5 Bxg2+ 37. Kxg2 Ne6 38. Kf3 Rc8 39. Ke2 Kf7 0-1

[Event "Prva liga Centralne Srbije 2010"]
[Site "Valjevo"]
[Date "2010.09.18"]
[Round "1.3"]
[White "Micic, Nenad"]
[Black "Ilic, Aleksandar"]
[Result "1/2-1/2"]
[WhiteElo "2257"]
[BlackElo "2144"]
[PlyCount "145"]
[EventDate "2010.09.18"]

1. d4 Nf6 2. c4 e6 3. Nf3 Bb4+ 4. Nbd2 b6 5. a3 Bxd2+ 6. Qxd2 Bb7 7. e3 O-O 8.
b4 d6 9. Bb2 Nbd7 10. Be2 Ne4 11. Qc2 f5 12. O-O c5 13. Qb3 Qc7 14. Rad1 Rad8
15. Nd2 d5 16. f3 Nef6 17. Bd3 Kh8 18. Rfe1 Rde8 19. Rc1 Qb8 20. a4 f4 21. e4
cxd4 22. exd5 exd5 23. Bxd4 dxc4 24. Nxc4 Bd5 25. Qb2 Rxe1+ 26. Rxe1 Re8 27.
Ne5 Qd6 28. Bb5 Kg8 29. Kf2 Re7 30. Qc3 Nf8 31. Nc4 Qc7 32. Be5 Qc8 33. Bxf4
Rxe1 34. Kxe1 Qe6+ 35. Kf2 Qf5 36. Qe5 Qc2+ 37. Qe2 Qf5 38. Qe5 Qc2+ 39. Nd2
Ne6 40. Qb8+ Kf7 41. Qxa7+ Kg6 42. Qb8 Nxf4 43. Qxf4 h5 44. Qd4 Kf7 45. Bc4 Qf5
46. a5 bxa5 47. bxa5 Bxc4 48. Qxc4+ Kf8 49. a6 Qa5 50. Ne4 Nxe4+ 51. fxe4 Qd2+
52. Kf3 g5 53. Qc5+ Kg7 54. Qa7+ Kg6 55. Qb6+ Kg7 56. Qe3 g4+ 57. Kf4 Qd6+ 58.
e5 Qh6+ 59. Ke4 Qc6+ 60. Kd4 Qb6+ 61. Ke4 Qc6+ 62. Kd3 Qxa6+ 63. Kd2 Qa2+ 64.
Ke1 Qxg2 65. Qg5+ Kf7 66. Qf6+ Kg8 67. Qg6+ Kf8 68. Qd6+ Kg7 69. e6 Qe4+ 70.
Kf2 Kf6 71. Qf8+ Kxe6 72. Qe8+ Kd5 73. Qxh5+ 1/2-1/2

[Event "Prva liga Centralne Srbije 2010"]
[Site "Valjevo"]
[Date "2010.09.18"]
[Round "1.3"]
[White "Madjar, Stanislav"]
[Black "Lazic, Zeljko"]
[Result "1-0"]
[WhiteElo "2145"]
[BlackElo "2183"]
[PlyCount "69"]
[EventDate "2010.09.18"]

1. c4 g6 2. Nc3 Bg7 3. g3 Nf6 4. Bg2 O-O 5. Nf3 d6 6. O-O Nc6 7. d3 e5 8. Bg5
h6 9. Bxf6 Bxf6 10. Rb1 Bg7 11. b4 Ne7 12. Qc2 f5 13. b5 g5 14. Nd2 Ng6 15. a4
h5 16. a5 Rb8 17. Nd5 h4 18. c5 Rf7 19. Rfc1 hxg3 20. hxg3 e4 21. dxe4 f4 22.
cxd6 cxd6 23. b6 axb6 24. axb6 fxg3 25. fxg3 Bd4+ 26. e3 Bc5 27. Nf3 Be6 28.
Nd4 Bxd5 29. exd5 Ne5 30. Qe4 Qe7 31. Ne6 Nd7 32. Rf1 Rxf1+ 33. Rxf1 Ne5 34.
Rf5 Ng6 35. Rxg5 1-0

[Event "Prva liga Centralne Srbije 2010"]
[Site "Valjevo"]
[Date "2010.09.18"]
[Round "1.4"]
[White "Bojkov, Dejan"]
[Black "Savicevic, Vlatko"]
[Result "1-0"]
[WhiteElo "2552"]
[BlackElo "2353"]
[PlyCount "47"]
[EventDate "2010.09.18"]

1. e4 d6 2. d4 Nf6 3. Nc3 g6 4. Nf3 Bg7 5. h3 O-O 6. Be3 a6 7. a4 b6 8. e5 Nfd7
9. e6 fxe6 10. Bd3 Nf6 11. h4 c5 12. h5 gxh5 13. d5 exd5 14. Nxd5 Bg4 15. Nxf6+
Bxf6 16. Qd2 d5 17. Bh6 c4 18. Bxf8 cxd3 19. Bh6 Nc6 20. Qxd3 e5 21. Ng5 e4 22.
Nxe4 Bxb2 23. Rb1 Bd4 24. O-O 1-0

[Event "Prva liga Centralne Srbije 2010"]
[Site "Valjevo"]
[Date "2010.09.18"]
[Round "1.4"]
[White "Djokic, Nenad"]
[Black "Adzic, Momcilo"]
[Result "1/2-1/2"]
[WhiteElo "2374"]
[BlackElo "2269"]
[PlyCount "81"]
[EventDate "2010.09.18"]

1. d4 d5 2. c4 c6 3. Nc3 Nf6 4. Nf3 e6 5. e3 Be7 6. Qc2 O-O 7. Bd3 Nbd7 8. O-O
dxc4 9. Bxc4 b5 10. Bd3 a6 11. Ne4 Bb7 12. Nxf6+ Nxf6 13. Ng5 h6 14. Ne4 Nd7
15. Nc5 Bxc5 16. dxc5 Nxc5 17. Bh7+ Kh8 18. Qxc5 Kxh7 19. e4 Qc7 20. Be3 Rfd8
21. Rfc1 Rd7 22. g3 Re8 23. a4 Qd8 24. h4 e5 25. b4 Re6 26. Kh2 Qf6 27. Rd1
Red6 28. Rxd6 Qxd6 29. a5 Qe6 30. Re1 f6 31. f4 exf4 32. Bxf4 g5 33. Bc1 Bc8
34. Qf5+ Qxf5 35. exf5 gxh4 36. g4 Rg7 37. Re8 Bd7 38. Rf8 Rxg4 39. Rf7+ Rg7
40. Rxf6 Kg8 41. Bxh6 1/2-1/2

[Event "Prva liga Centralne Srbije 2010"]
[Site "Valjevo"]
[Date "2010.09.18"]
[Round "1.4"]
[White "Djoric, Dusan"]
[Black "Rasic, Goran"]
[Result "1/2-1/2"]
[WhiteElo "2300"]
[BlackElo "2219"]
[PlyCount "78"]
[EventDate "2010.09.18"]

1. d4 Nf6 2. Nf3 g6 3. c4 Bg7 4. Nc3 O-O 5. e4 d6 6. Be2 e5 7. O-O Nc6 8. d5
Nb8 9. Ne1 c5 10. Nd3 Nbd7 11. f4 exf4 12. Bxf4 Ne8 13. Qd2 Qe7 14. Rae1 Ne5
15. Nxe5 Bxe5 16. Bg5 f6 17. Bh6 Ng7 18. Bf4 Bd7 19. Bxe5 Qxe5 20. Qf4 Rae8 21.
Qxe5 Rxe5 22. Bd3 Kf7 23. Nb1 Ne8 24. Nd2 Kg7 25. a3 Nc7 26. b4 Na6 27. b5 Nb8
28. Nb3 Bc8 29. a4 Re7 30. h3 Nd7 31. Nd2 Ne5 32. Bc2 h5 33. Re3 Rh8 34. Bd1
Rhe8 35. Bc2 h4 36. Rc3 g5 37. Bd1 Ng6 38. Bh5 Rf8 39. Bxg6 Kxg6 1/2-1/2

[Event "Prva liga Centralne Srbije 2010"]
[Site "Valjevo"]
[Date "2010.09.18"]
[Round "1.5"]
[White "Rusev, Krasimir"]
[Black "Simantsev, Mikhail"]
[Result "1-0"]
[WhiteElo "2524"]
[BlackElo "2541"]
[PlyCount "81"]
[EventDate "2010.09.18"]

1. d4 Nf6 2. c4 e6 3. Nf3 c5 4. d5 exd5 5. cxd5 d6 6. h3 g6 7. e4 Bg7 8. Bd3
O-O 9. O-O Re8 10. Re1 c4 11. Bc2 Na6 12. Nc3 Bd7 13. Be3 b5 14. a3 Qc7 15. Bd4
Nc5 16. e5 dxe5 17. Bxe5 Qb6 18. Qd4 Nh5 19. d6 Ne6 20. Qxb6 axb6 21. Nd5 Bc6
22. Be4 Bxd5 23. Bxd5 Ra5 24. Rad1 Rd8 25. Bxe6 fxe6 26. Ng5 Bxe5 27. Rxe5 Ng7
28. Nxe6 Nxe6 29. Rxe6 c3 30. bxc3 Rd7 31. Re5 Rxa3 32. Rxb5 Rxc3 33. Rxb6 Rc2
34. Rb3 Kg7 35. Rbd3 g5 36. Rd5 h6 37. R1d2 Rc1+ 38. Kh2 Kf6 39. Kg3 Kg6 40. h4
Rc3+ 41. f3 1-0

[Event "Prva liga Centralne Srbije 2010"]
[Site "Valjevo"]
[Date "2010.09.18"]
[Round "1.5"]
[White "Jevtic, Sasa"]
[Black "Radovanovic, Dusan"]
[Result "1/2-1/2"]
[WhiteElo "2320"]
[BlackElo "2387"]
[PlyCount "29"]
[EventDate "2010.09.18"]

1. Nf3 Nf6 2. d4 g6 3. g3 Bg7 4. Bg2 O-O 5. O-O d6 6. c4 c5 7. Nc3 Nc6 8. d5
Na5 9. Qd3 a6 10. e4 b5 11. cxb5 axb5 12. Nxb5 Ba6 13. a4 Nd7 14. Rb1 c4 15.
Qc2 1/2-1/2

[Event "Prva liga Centralne Srbije 2010"]
[Site "Valjevo"]
[Date "2010.09.18"]
[Round "1.5"]
[White "Radivojevic, Ivan"]
[Black "Brankovic, Dejan"]
[Result "1/2-1/2"]
[WhiteElo "2361"]
[BlackElo "2343"]
[PlyCount "30"]
[EventDate "2010.09.18"]

1. e4 c5 2. Nc3 Nc6 3. g3 g6 4. Bg2 Bg7 5. d3 e6 6. Be3 Nd4 7. Qd2 Ne7 8. Nd1
b6 9. c3 Ndc6 10. Bh6 Bxh6 11. Qxh6 Ba6 12. Ne3 Ne5 13. O-O-O Nxd3+ 14. Rxd3
Bxd3 15. Ng4 Nc6 1/2-1/2

[Event "Prva liga Centralne Srbije 2010"]
[Site "Valjevo"]
[Date "2010.09.18"]
[Round "1.5"]
[White "Bojovic, Dusan"]
[Black "Milosevic, Aleksandar"]
[Result "0-1"]
[WhiteElo "2342"]
[BlackElo "2254"]
[PlyCount "54"]
[EventDate "2010.09.18"]

1. e4 c5 2. Nf3 d6 3. d4 cxd4 4. Nxd4 Nf6 5. Nc3 a6 6. Be3 e6 7. f3 b5 8. g4
Bb7 9. Qd2 Nfd7 10. O-O-O Nb6 11. h4 N8d7 12. Qf2 Rc8 13. g5 Rxc3 14. bxc3 Qc7
15. Bd3 d5 16. Kd2 Na4 17. Ne2 Bd6 18. h5 Ndc5 19. g6 dxe4 20. fxe4 O-O 21.
gxh7+ Kxh7 22. Bxc5 Nxc5 23. Qe3 Be5 24. Rdg1 Re8 25. Rg4 f5 26. h6 g6 27. Rg5
Nxe4+ 0-1

[Event "Prva liga Centralne Srbije 2010"]
[Site "Valjevo"]
[Date "2010.09.18"]
[Round "1.5"]
[White "Cvetanovic, Uros"]
[Black "Toth, Aleksandar"]
[Result "1/2-1/2"]
[WhiteElo "2218"]
[BlackElo "2296"]
[PlyCount "95"]
[EventDate "2010.09.18"]

1. Nc3 e5 2. Nf3 d6 3. d4 exd4 4. Nxd4 Nf6 5. e4 Be7 6. Bd3 O-O 7. O-O c6 8. a4
a5 9. h3 Re8 10. Kh1 Nbd7 11. Nb3 Ne5 12. Be2 Ng6 13. f4 Bf8 14. Bd3 Bd7 15.
Re1 c5 16. Nd2 Nxf4 17. Nc4 Nxd3 18. cxd3 h6 19. Ne3 Bc6 20. Nf5 d5 21. e5 Nh7
22. d4 Qd7 23. Qd3 Re6 24. Be3 b6 25. Bf4 Rae8 26. Red1 Rd8 27. Kh2 Be7 28. Rf1
Ng5 29. Qg3 Rg6 30. Qd3 Ne4 31. g4 Re6 32. Qe3 cxd4 33. Nxd4 Bc5 34. Rfd1 Nxc3
35. Qxc3 Bxd4 36. Qxd4 Bb7 37. Rac1 Rde8 38. Rd2 Rc8 39. Rdc2 Rec6 40. Rxc6
Rxc6 41. Rxc6 Qxc6 42. Be3 b5 43. axb5 Qxb5 44. Kg3 Bc8 45. Qc5 Qxc5 46. Bxc5
a4 47. h4 Kh7 48. Kf4 1/2-1/2

[Event "Prva liga Centralne Srbije 2010"]
[Site "Valjevo"]
[Date "2010.09.18"]
[Round "1.6"]
[White "Sandic, Vladeta"]
[Black "Kojovic, Dragan"]
[Result "1/2-1/2"]
[WhiteElo "2331"]
[BlackElo "2388"]
[PlyCount "33"]
[EventDate "2010.09.18"]

1. d4 Nf6 2. c4 g6 3. Nc3 d5 4. cxd5 Nxd5 5. Bd2 Nb6 6. Bf4 Bg7 7. e3 O-O 8.
Nf3 Nc6 9. Be2 Bf5 10. O-O e5 11. dxe5 Qe7 12. e4 Bg4 13. Nd5 Nxd5 14. exd5
Bxf3 15. Bxf3 Nxe5 16. Bxe5 Bxe5 17. Qb3 1/2-1/2

[Event "Prva liga Centralne Srbije 2010"]
[Site "Valjevo"]
[Date "2010.09.18"]
[Round "1.6"]
[White "Solomunovic, Igor"]
[Black "Ivanovic, Dragutin"]
[Result "1-0"]
[WhiteElo "2406"]
[BlackElo "2329"]
[PlyCount "71"]
[EventDate "2010.09.18"]

1. e4 c5 2. Nf3 e6 3. c4 d6 4. d4 cxd4 5. Nxd4 Nf6 6. Nc3 a6 7. Be2 Be7 8. Be3
Nbd7 9. f4 Qc7 10. Rc1 b6 11. O-O O-O 12. f5 Ne5 13. b3 Bd7 14. g4 h6 15. g5
hxg5 16. Bxg5 Rae8 17. Qd2 Nh7 18. Bxe7 Rxe7 19. Kh1 Kh8 20. Rf4 g5 21. Rf2 Rg8
22. Rg1 Ree8 23. Rg3 Rg7 24. Rh3 Qd8 25. Rh6 Kg8 26. Bh5 exf5 27. exf5 g4 28.
f6 g3 29. Rf4 Rg5 30. Rh4 Nd3 31. Rxh7 g2+ 32. Kg1 Re1+ 33. Qxe1 Nxe1 34. Bxf7+
Kf8 35. Rh8+ Kxf7 36. Rxd8 1-0